[Event "WchT Seniors 65"]
[Site "Struga"]
[Date "2023.09.20"]
[Round "2.3"]
[White "Weinwurm, Wolfgang"]
[Black "Stosevski, Ilja"]
[Result "1/2-1/2"]
[WhiteElo "2065"]
[BlackElo "1968"]
[PlyCount "84"]
[EventDate "2023.09.19"]
[EventType "team-swiss"]
[EventRounds "9"]
[EventCountry "MKD"]
[SourceTitle "EXT 2024"]
[Source "ChessBase"]
[SourceDate "2023.10.10"]
[SourceVersion "1"]
[SourceVersionDate "2023.10.10"]
[SourceQuality "1"]
[WhiteTeam "Austria 65"]
[BlackTeam "Macedonia 65"]
[WhiteTeamCountry "AUT"]
[BlackTeamCountry "MKD"]

1. e4 d6 2. d4 g6 3. Nc3 Bg7 4. Be3 a6 5. g4 Nc6 6. h3 e5 7. d5 Nd4 8. Nf3 c5 9. dxc6 Nxf3+ 10. Qxf3 bxc6 11. Bc4 Qe7 12. 0-0-0 Be6 13. Qe2 Nf6 14. f4 exf4 15. Bxf4 Rd8 16. e5 Nd5 17. Bxd5 Bxd5 18. Rxd5 cxd5 19. Nxd5 Qb7 20. exd6+ Kd7 21. Qe7+ Kc6 22. Qe4 Qxb2+ 23. Kd2 Qd4+ 24. Qxd4 Bxd4 25. Ne7+ Kd7 26. Rd1 f6 27. c4 Bc5 28. Kc3 g5 29. Bg3 a5 30. Rd5 Bb4+ 31. Kb3 Rb8 32. Kc2 Rbe8 33. c5 Ke6 34. Rf5 h5 35. Nd5 hxg4 36. hxg4 Rc8 37. Nc7+ Kd7 38. Bf2 Rh2 39. Kb3 Rxf2 40. Rxf2 Bxc5 41. Rxf6 Bxd6 42. Nd5 a4+ 1/2-1/2

[Event "Skopje op"]
[Site "Skopje"]
[Date "2022.10.22"]
[Round "3"]
[White "Nikolovski, Kiril"]
[Black "Stosevski, Ilja"]
[Result "0-1"]
[WhiteElo "1509"]
[BlackElo "1976"]
[PlyCount "78"]
[EventDate "2022.10.21"]
[EventType "swiss"]
[EventRounds "9"]
[EventCountry "MKD"]
[SourceTitle "EXT 2024"]
[Source "ChessBase"]
[SourceDate "2023.10.10"]
[SourceVersion "1"]
[SourceVersionDate "2023.10.10"]
[SourceQuality "1"]

1. e4 d6 2. d4 Nf6 3. Nc3 g6 4. Bg5 c6 5. Nf3 Bg7 6. a4 0-0 7. Be2 a5 8. h3 Na6 9. 0-0 Nb4 10. Qd2 b6 11. Rfe1 Ba6 12. Bxa6 Rxa6 13. Rad1 Ra7 14. Bf4 Rd7 15. Qe2 h6 16. Nb1 Qc8 17. c3 Na6 18. e5 Nd5 19. Bh2 Nac7 20. Na3 Ne6 21. Nc4 Rfd8 22. Nh4 Nf8 23. f4 b5 24. axb5 cxb5 25. Nxa5 Qa6 26. Ra1 dxe5 27. fxe5 Qb6 28. Nb3 Ne6 29. g3 b4 30. Ra6 Qb8 31. Na5 bxc3 32. Nc6 Qxb2 33. Qxb2 cxb2 34. Nxd8 Rxd8 35. Rb1 Nxd4 36. Rxb2 g5 37. Ng2 Nf3+ 38. Kh1 Nc7 39. Ra1 Bxe5 0-1

[Event "Skopje-ch Seniors"]
[Site "Skopje"]
[Date "2022.10.08"]
[Round "2"]
[White "Kostadinovski, Zoran"]
[Black "Stosevski, Ilja"]
[Result "1-0"]
[WhiteElo "1926"]
[BlackElo "1976"]
[PlyCount "40"]
[EventDate "2022.10.07"]
[EventType "swiss"]
[EventRounds "7"]
[EventCountry "MKD"]
[SourceTitle "EXT 2024"]
[Source "ChessBase"]
[SourceDate "2023.10.10"]
[SourceVersion "1"]
[SourceVersionDate "2023.10.10"]
[SourceQuality "1"]

1. d4 g6 2. c4 Bg7 3. Nc3 d6 4. e4 Nc6 5. Be3 e5 6. d5 Nce7 7. Nge2 f5 8. f3 Nf6 9. Bg5 h6 10. Bxf6 Bxf6 11. Qc2 Bg5 12. g3 h5 13. h4 Bh6 14. Bg2 0-0 15. 0-0 f4 16. gxf4 Bxf4 17. Kf2 Nxd5 18. Rh1 Be3+ 19. Ke1 Nb6 20. Qd1 c6 1-0

[Event "Skopje-ch Seniors"]
[Site "Skopje"]
[Date "2022.10.07"]
[Round "1"]
[White "Stosevski, Ilja"]
[Black "Golubovic, Tomislav"]
[Result "1-0"]
[WhiteElo "1976"]
[BlackElo "1702"]
[PlyCount "57"]
[EventDate "2022.10.07"]
[EventType "swiss"]
[EventRounds "7"]
[EventCountry "MKD"]
[SourceTitle "EXT 2024"]
[Source "ChessBase"]
[SourceDate "2023.10.10"]
[SourceVersion "1"]
[SourceVersionDate "2023.10.10"]
[SourceQuality "1"]

1. Nf3 c6 2. g3 Nf6 3. Bg2 d5 4. 0-0 Bf5 5. c4 e6 6. b3 Nbd7 7. Bb2 Be7 8. d3 0-0 9. Nbd2 a5 10. Qc2 Rc8 11. Rac1 b5 12. Nd4 Bg6 13. cxb5 cxb5 14. Nc6 Qe8 15. Nxe7+ Qxe7 16. Qxc8 Rxc8 17. Rxc8+ Nf8 18. Nf3 h6 19. Rfc1 Kh7 20. Ra8 N6d7 21. Rxa5 b4 22. Ra7 f6 23. a4 Qd6 24. Rcc7 e5 25. Bh3 Be8 26. Nh4 Ne6 27. Bf5+ g6 28. Bxg6+ Bxg6 29. Rxd7+ 1-0

[Event "FRM-ch op"]
[Site "Skopje"]
[Date "2022.05.02"]
[Round "5"]
[White "Stosevski, Ilja"]
[Black "Petreski, Leonid"]
[Result "1-0"]
[WhiteElo "1981"]
[BlackElo "1824"]
[PlyCount "41"]
[EventDate "2022.04.29"]
[EventType "swiss"]
[EventRounds "9"]
[EventCountry "MKD"]
[SourceTitle "CBM 208 Extra"]
[Source "ChessBase"]
[SourceDate "2022.07.31"]
[SourceVersion "1"]
[SourceVersionDate "2022.07.31"]
[SourceQuality "1"]

1. Nf3 Nf6 2. g3 d5 3. c4 dxc4 4. Bg2 c6 5. 0-0 Nbd7 6. Qc2 Nb6 7. Na3 Be6 8. Ng5 Bg4 9. Nxc4 Bxe2 10. Nxb6 axb6 11. Re1 Bh5 12. b4 Bg6 13. Qb3 h6 14. Nh3 Qd3 15. Bb2 Bf5 16. Nf4 Qd7 17. b5 c5 18. Qf3 Ra7 19. Bxf6 gxf6 20. Nd5 Bg7 21. Rxe7+ 1-0

[Event "Skopje op"]
[Site "Skopje"]
[Date "2019.12.12"]
[Round "9"]
[White "Stosevski, Ilja"]
[Black "Zvezdakoski, Matej"]
[Result "1-0"]
[WhiteElo "1980"]
[BlackElo "1829"]
[PlyCount "61"]
[EventDate "2019.12.06"]
[EventType "swiss"]
[EventRounds "9"]
[EventCountry "MKD"]
[SourceTitle "CBM 193 Extra"]
[Source "ChessBase"]
[SourceDate "2020.01.31"]
[SourceVersion "1"]
[SourceVersionDate "2020.01.31"]
[SourceQuality "1"]

1. Nf3 Nf6 2. g3 g6 3. Bg2 Bg7 4. d4 d5 5. 0-0 0-0 6. Ne5 c6 7. c4 Ng4 8. Nxg4 Bxg4 9. cxd5 cxd5 10. Nc3 Be6 11. Qb3 Bxd4 12. Qxb7 Bxc3 13. Qxa8 Qd7 14. bxc3 Na6 15. Qxf8+ Kxf8 16. Rb1 Qc6 17. c4 Qxc4 18. Rb7 Qxa2 19. Rxa7 Kg7 20. Be3 Qa4 21. Bc5 Qb5 22. Bd4+ Kh6 23. Rxe7 Qb4 24. Be3+ Kg7 25. Ra7 Nc5 26. Rd1 Ne4 27. Bd4+ Kh6 28. h4 Bg4 29. Rd7 Bxe2 30. Be3+ g5 31. Rc1 1-0

[Event "Skopje op"]
[Site "Skopje"]
[Date "2019.12.11"]
[Round "8"]
[White "Kacakovski, Dimitar"]
[Black "Stosevski, Ilja"]
[Result "1-0"]
[WhiteElo "2073"]
[BlackElo "1980"]
[PlyCount "88"]
[EventDate "2019.12.06"]
[EventType "swiss"]
[EventRounds "9"]
[EventCountry "MKD"]
[SourceTitle "CBM 193 Extra"]
[Source "ChessBase"]
[SourceDate "2020.01.31"]
[SourceVersion "1"]
[SourceVersionDate "2020.01.31"]
[SourceQuality "1"]

1. d4 c6 2. c4 g6 3. Nf3 Bg7 4. Nc3 d6 5. g3 Bg4 6. Bg2 Qc8 7. h3 Bd7 8. e4 Na6 9. Bf4 h6 10. Qd2 Nc7 11. Rc1 Ne6 12. Be3 Ng5 13. Ng1 e5 14. d5 c5 15. f4 Nh7 16. Nf3 f6 17. Nh4 Nf8 18. Qf2 Qd8 19. 0-0 Qe7 20. a3 Rh7 21. f5 g5 22. Nf3 h5 23. b4 b6 24. bxc5 bxc5 25. Rb1 Bh6 26. g4 hxg4 27. hxg4 Qd8 28. Rb3 Bc8 29. Rfb1 Nd7 30. Nb5 Nb6 31. Bf1 Bf8 32. a4 Nxa4 33. Qa2 Nb6 34. Nxd6+ Bxd6 35. Rxb6 a5 36. Qa4+ Bd7 37. Qa3 Qe7 38. Rxd6 Qxd6 39. Bxc5 Qc7 40. Bb6 Qc8 41. Qd6 Re7 42. Bc5 Kf7 43. Nxg5+ fxg5 44. Qg6+ Kf8 1-0

[Event "Skopje op"]
[Site "Skopje"]
[Date "2019.12.09"]
[Round "5"]
[White "Vanden Bussche, Steven"]
[Black "Stosevski, Ilja"]
[Result "1-0"]
[WhiteElo "2074"]
[BlackElo "1980"]
[PlyCount "36"]
[EventDate "2019.12.06"]
[EventType "swiss"]
[EventRounds "9"]
[EventCountry "MKD"]
[SourceTitle "CBM 193 Extra"]
[Source "ChessBase"]
[SourceDate "2020.01.31"]
[SourceVersion "1"]
[SourceVersionDate "2020.01.31"]
[SourceQuality "1"]

1. d4 g6 2. Bf4 Bg7 3. e3 d6 4. Nf3 Nd7 5. Be2 e5 6. Bg3 Nh6 7. h3 Nf5 8. Bh2 0-0 9. 0-0 e4 10. Nfd2 Re8 11. c4 c5 12. Nb3 cxd4 13. exd4 e3 14. f3 Nb8 15. g4 Qh4 16. gxf5 Qxh3 17. Nc3 Nc6 18. Nd5 gxf5 1-0

[Event "Skopje op"]
[Site "Skopje"]
[Date "2019.12.08"]
[Round "4"]
[White "Stosevski, Ilja"]
[Black "Stanojoski, Zvonko"]
[Result "0-1"]
[WhiteElo "1980"]
[BlackElo "2457"]
[PlyCount "82"]
[EventDate "2019.12.06"]
[EventType "swiss"]
[EventRounds "9"]
[EventCountry "MKD"]
[SourceTitle "CBM 193 Extra"]
[Source "ChessBase"]
[SourceDate "2020.01.31"]
[SourceVersion "1"]
[SourceVersionDate "2020.01.31"]
[SourceQuality "1"]

1. c4 c5 2. g3 g6 3. Bg2 Bg7 4. Nc3 Nc6 5. Nf3 e5 6. a3 a5 7. Rb1 Nge7 8. 0-0 0-0 9. b3 Rb8 10. Bb2 d6 11. d3 f5 12. e3 h6 13. Nd2 g5 14. f4 Qe8 15. Kh1 exf4 16. gxf4 g4 17. Nd5 h5 18. b4 axb4 19. axb4 Nxd5 20. cxd5 Nxb4 21. Nc4 Bxb2 22. Rxb2 Qd8 23. e4 b5 24. Ne3 Qf6 25. Re2 Qc3 26. exf5 Nxd3 27. Be4 Nb4 28. Nxg4 hxg4 29. Rg2 Kf7 30. Qxg4 Ke7 31. Qh4+ Qf6 32. Qe1 Kd8 33. Rg6 Qe7 34. f6 Rxf6 35. Rg8+ Kc7 36. Bg2 Qxe1 37. Rxe1 Rf7 38. Ree8 Na6 39. Be4 Bd7 40. Rxb8 Nxb8 41. Bg6 Rxf4 0-1

[Event "FRM-ch op"]
[Site "Skopje"]
[Date "2018.12.23"]
[Round "9"]
[White "Stosevski, Ilja"]
[Black "Jordanov, Mihail"]
[Result "1/2-1/2"]
[WhiteElo "2007"]
[BlackElo "1918"]
[PlyCount "151"]
[EventDate "2018.12.15"]
[EventType "swiss"]
[EventRounds "9"]
[EventCountry "MKD"]
[SourceTitle "EXT 2020"]
[Source "ChessBase"]
[SourceDate "2019.10.17"]
[SourceVersion "1"]
[SourceVersionDate "2019.10.17"]
[SourceQuality "1"]

1. g3 Nf6 2. Bg2 e6 3. c4 d5 4. Nf3 Be7 5. 0-0 0-0 6. d4 c6 7. Qc2 b6 8. Bf4 Bb7 9. Nbd2 Nbd7 10. Rfd1 Rc8 11. Rac1 c5 12. dxc5 bxc5 13. e3 Re8 14. h4 h6 15. Be5 Nxe5 16. Nxe5 Qc7 17. f4 Bd6 18. Ndf3 h5 19. b3 Ne4 20. Kh2 f6 21. Nd3 Bf8 22. Nf2 Nd6 23. Qg6 Qf7 24. Qxf7+ Nxf7 25. g4 hxg4 26. Nxg4 Red8 27. Rg1 Be7 28. h5 d4 29. exd4 cxd4 30. Rce1 Bd6 31. Rxe6 Bxf4+ 32. Kh1 Bxf3 33. Bxf3 Ng5 34. Bd5 Rxd5 35. cxd5 Nxe6 36. dxe6 Kf8 37. Rd1 Be5 38. h6 gxh6 39. Nxh6 Ke7 40. Nf5+ Kxe6 41. Nxd4+ Bxd4 42. Rxd4 Rc1+ 43. Kg2 Rc2+ 44. Kf3 Rxa2 45. Rb4 Ke5 46. Ke3 Ra5 47. Re4+ Kf5 48. Kf3 Ra3 49. Rb4 Kg5 50. Rg4+ Kf5 51. Rb4 a6 52. Rb8 Ra5 53. Rb6 Ke5 54. Ke3 f5 55. Rh6 Ra1 56. Rc6 Ra5 57. Rb6 Ra3 58. Rb4 Ra5 59. Rb6 Rb5 60. Rxa6 Rxb3+ 61. Kf2 Kf4 62. Ra4+ Kg5 63. Kg2 f4 64. Ra8 Kg4 65. Rg8+ Kf5 66. Rf8+ Ke4 67. Re8+ Kd4 68. Rf8 Ke3 69. Re8+ Kd2 70. Kf2 Kd3 71. Kf3 Rb4 72. Rd8+ Kc3 73. Rf8 Rb1 74. Rxf4 Rf1+ 75. Ke4 Rxf4+ 76. Kxf4 1/2-1/2

[Event "FRM-ch op"]
[Site "Skopje"]
[Date "2018.12.16"]
[Round "2"]
[White "Stosevski, Ilja"]
[Black "Nikolovski, Nikola"]
[Result "0-1"]
[WhiteElo "2007"]
[BlackElo "2395"]
[PlyCount "102"]
[EventDate "2018.12.15"]
[EventType "swiss"]
[EventRounds "9"]
[EventCountry "MKD"]
[SourceTitle "CBM 187 Extra"]
[Source "ChessBase"]
[SourceDate "2018.11.04"]
[SourceVersion "1"]
[SourceVersionDate "2018.11.04"]
[SourceQuality "1"]

1. e4 c5 2. Nf3 d6 3. Bb5+ Nd7 4. a4 Ngf6 5. Qe2 a6 6. Bc4 e6 7. c3 Be7 8. 0-0 d5 9. exd5 exd5 10. Ba2 0-0 11. d4 Re8 12. h3 c4 13. b3 b5 14. Qc2 Bb7 15. Bf4 cxb3 16. Qxb3 Nb6 17. axb5 axb5 18. Nbd2 Ra3 19. Qc2 Qa8 20. Be5 Rc8 21. Bxf6 Bxf6 22. Nb3 g6 23. Nc5 Na4 24. Nxb7 Raxc3 25. Qd2 Qxb7 26. Qf4 Kg7 27. Ne5 Nb6 28. Rab1 Nd7 29. Ng4 b4 30. Bb3 h5 31. Ne3 Rd3 32. Bxd5 Qb5 33. Bb3 Rxd4 34. Qf3 Rc3 35. Rfd1 Ne5 36. Qg3 Rxd1+ 37. Bxd1 Qd3 38. Rxb4 Rc1 39. Rb7 Rxd1+ 40. Nxd1 Qxd1+ 41. Kh2 Qd6 42. Kg1 Qd1+ 43. Kh2 h4 44. Qb3 Qd2 45. Qe3 Qd6 46. Kg1 Qd1+ 47. Kh2 Nc4 48. Qe4 Nd2 49. Qg4 Be5+ 50. g3 hxg3+ 51. fxg3 Qf1 0-1

[Event "Skopje U2200 op"]
[Site "Skopje"]
[Date "2017.12.09"]
[Round "5"]
[White "Elez, Nikola"]
[Black "Stosevski, Ilja"]
[Result "0-1"]
[WhiteElo "2162"]
[BlackElo "2011"]
[PlyCount "41"]
[EventDate "2017.12.07"]
[EventType "swiss"]
[EventRounds "7"]
[EventCountry "MKD"]
[SourceTitle "CBM 182 Extra"]
[Source "ChessBase"]
[SourceDate "2018.02.23"]
[SourceVersion "1"]
[SourceVersionDate "2018.02.23"]
[SourceQuality "1"]

1. e4 g6 2. d4 Bg7 3. Nf3 d6 4. Nbd2 Nc6 5. c3 e5 6. dxe5 Nxe5 7. Be2 Qe7 8. 0-0 Nf6 9. Re1 0-0 10. h3 Bd7 11. Nd4 c5 12. Nc2 Bc6 13. f4 Ned7 14. Bf3 Nb6 15. e5 dxe5 16. Bxc6 bxc6 17. Qf3 Nfd5 18. fxe5 Bxe5 19. Ne4 f5 20. Nf2 Qd6 21. Bh6 0-1

[Event "Skopje U2200 op"]
[Site "Skopje"]
[Date "2017.12.09"]
[Round "4"]
[White "Stosevski, Ilja"]
[Black "Mihov, Filip"]
[Result "1/2-1/2"]
[WhiteElo "2011"]
[BlackElo "2193"]
[PlyCount "48"]
[EventDate "2017.12.07"]
[EventType "swiss"]
[EventRounds "7"]
[EventCountry "MKD"]
[SourceTitle "CBM 182 Extra"]
[Source "ChessBase"]
[SourceDate "2018.02.23"]
[SourceVersion "1"]
[SourceVersionDate "2018.02.23"]
[SourceQuality "1"]

1. Nf3 d5 2. g3 Nf6 3. Bg2 e6 4. 0-0 Be7 5. d4 0-0 6. Nbd2 b6 7. c4 Bb7 8. Qc2 Nbd7 9. b3 c5 10. dxc5 Nxc5 11. Bb2 dxc4 12. Nxc4 Be4 13. Qd2 Qc7 14. Be5 Qc6 15. Qb2 Rfd8 16. Rac1 Qb7 17. Ncd2 Bd5 18. b4 Ncd7 19. e4 Nxe4 20. Rc7 Qa6 21. Nxe4 Bxe4 22. Bxg7 Qd3 23. Ne5 Nxe5 24. Bxe5 Bxg2 1/2-1/2

[Event "Skopje U2200 op"]
[Site "Skopje"]
[Date "2017.12.08"]
[Round "2"]
[White "Stosevski, Ilja"]
[Black "Ilic, Ljubomir"]
[Result "1-0"]
[WhiteElo "2011"]
[BlackElo "2162"]
[PlyCount "40"]
[EventDate "2017.12.07"]
[EventType "swiss"]
[EventRounds "7"]
[EventCountry "MKD"]
[SourceTitle "CBM 182 Extra"]
[Source "ChessBase"]
[SourceDate "2018.02.23"]
[SourceVersion "1"]
[SourceVersionDate "2018.02.23"]
[SourceQuality "1"]

1. Nf3 c5 2. g3 Nc6 3. Bg2 g6 4. 0-0 Bg7 5. c3 e5 6. e4 Nge7 7. Na3 0-0 8. Nc4 d5 9. exd5 Nxd5 10. Re1 Re8 11. d3 h6 12. a4 Bf5 13. Bf1 Qd7 14. a5 Rad8 15. Nh4 Bh3 16. Ng2 Nc7 17. Qb3 Na6 18. Be3 Qc7 19. Qa4 Rd7 20. Nd2 Ne7 1-0

[Event "Skopje-ch op"]
[Site "Skopje"]
[Date "2015.12.13"]
[Round "6"]
[White "Nikolovski, Nikola"]
[Black "Stosevski, Ilja"]
[Result "0-1"]
[WhiteElo "2293"]
[BlackElo "2001"]
[PlyCount "140"]
[EventDate "2015.12.13"]
[EventType "swiss"]
[EventRounds "9"]
[EventCountry "MKD"]
[SourceTitle "EXT 2018"]
[Source "ChessBase"]
[SourceDate "2017.10.13"]
[SourceVersion "1"]
[SourceVersionDate "2017.10.13"]
[SourceQuality "1"]

1. e4 g6 2. d4 Bg7 3. Nc3 d6 4. Nf3 c6 5. a4 Nf6 6. h3 0-0 7. Be3 d5 8. e5 Ne4 9. Nxe4 dxe4 10. Ng5 c5 11. c3 Qd5 12. c4 Qd8 13. Nxe4 cxd4 14. Qxd4 Qa5+ 15. Bd2 Nc6 16. Bxa5 Nxd4 17. Rd1 Nc6 18. Bc3 Bf5 19. Ng3 Bc2 20. Rd2 Bxa4 21. f4 Rfd8 22. Bd3 Bb3 23. Ke2 f5 24. exf6 exf6 25. Ne4 Nd4+ 26. Ke3 f5 27. Nc5 b6 28. Nxb3 Nxb3 29. Rc2 Nc5 30. Rd1 Rd7 31. Bxg7 Kxg7 32. Rcd2 Re8+ 33. Kf3 Red8 34. Ke3 Nb3 35. Rc2 Re7+ 36. Kf2 Nc5 37. Rc3 Ne4+ 38. Bxe4 Rxd1 39. Bf3 Rd2+ 40. Kg3 Rxb2 41. Ra3 a5 42. Ra1 Rc7 43. Bd5 Re7 44. Kh4 Kf6 45. Ra3 h6 46. Kg3 Rbe2 47. Kf3 Rb2 48. h4 Re1 49. Kg3 Reb1 50. Bf3 Rb3 51. Ra2 Rb4 52. Bd5 R1b3+ 53. Kh2 Re3 54. Rc2 a4 55. c5 bxc5 56. Rxc5 Rxf4 57. Rc6+ Ke5 58. Bf3 g5 59. hxg5 hxg5 60. Rc5+ Kf6 61. Rc6+ Re6 62. Rc1 g4 63. Kg3 Rd4 64. Bb7 Kg5 65. Rc8 Re3+ 66. Kf2 Rb3 67. Rg8+ Kf4 68. Bc8 Rd2+ 69. Ke1 Rxg2 70. Kf1 Rc2 0-1

[Event "Skopje Karposh op"]
[Site "Skopje"]
[Date "2015.04.03"]
[Round "9"]
[White "Stosevski, Ilja"]
[Black "Gulden, Egemen"]
[Result "0-1"]
[WhiteElo "2096"]
[BlackElo "1803"]
[PlyCount "64"]
[EventDate "2015.03.27"]
[EventType "swiss"]
[EventRounds "9"]
[EventCountry "MKD"]
[SourceTitle "CBM 165 Extra"]
[Source "ChessBase"]
[SourceDate "2015.04.21"]
[SourceVersion "1"]
[SourceVersionDate "2015.04.21"]
[SourceQuality "1"]

1. Nf3 g6 2. d4 Bg7 3. e4 d6 4. Bc4 Nc6 5. c3 e5 6. Qb3 Qe7 7. dxe5 Nxe5 8. Nxe5 Bxe5 9. 0-0 Bg7 10. f4 Nh6 11. f5 gxf5 12. exf5 Ng4 13. Qd1 h5 14. h3 Ne5 15. Na3 Bd7 16. Be3 Bf6 17. Bd4 Rg8 18. Bd5 c6 19. Bb3 Bh4 20. Bxe5 dxe5 21. Qxh5 0-0-0 22. Kh1 Rg7 23. Nc4 Rdg8 24. Ne3 Bf6 25. Rad1 Be8 26. Rd2 Rg3 27. Nc4 Rh8 28. Qd1 e4 29. Qe1 Be5 30. f6 Qc5 31. Re2 Rgxh3+ 32. gxh3 Rxh3+ 0-1

[Event "Skopje Karposh op"]
[Site "Skopje"]
[Date "2015.04.01"]
[Round "7"]
[White "Stosevski, Ilja"]
[Black "Sinik, Yagmur"]
[Result "1-0"]
[WhiteElo "2096"]
[BlackElo "1474"]
[PlyCount "29"]
[EventDate "2015.03.27"]
[EventType "swiss"]
[EventRounds "9"]
[EventCountry "MKD"]
[SourceTitle "CBM 165 Extra"]
[Source "ChessBase"]
[SourceDate "2015.04.21"]
[SourceVersion "1"]
[SourceVersionDate "2015.04.21"]
[SourceQuality "1"]

1. g4 d5 2. Bg2 Bxg4 3. c4 Nf6 4. Qb3 Qc8 5. cxd5 c6 6. Nc3 e6 7. dxc6 Nxc6 8. Qa4 Bc5 9. d3 h6 10. Bf4 e5 11. Bxe5 Bd7 12. Bxf6 gxf6 13. Qf4 Nd4 14. Rc1 Rg8 15. Ne4 1-0

[Event "Skopje Karposh op"]
[Site "Skopje"]
[Date "2015.03.31"]
[Round "6"]
[White "Zdravkovic, Dragan S"]
[Black "Stosevski, Ilja"]
[Result "1-0"]
[WhiteElo "1806"]
[BlackElo "2096"]
[PlyCount "53"]
[EventDate "2015.03.27"]
[EventType "swiss"]
[EventRounds "9"]
[EventCountry "MKD"]
[SourceTitle "CBM 165 Extra"]
[Source "ChessBase"]
[SourceDate "2015.04.21"]
[SourceVersion "1"]
[SourceVersionDate "2015.04.21"]
[SourceQuality "1"]

1. b3 b6 2. Bb2 Bb7 3. e3 e6 4. Nf3 d6 5. Be2 Nf6 6. 0-0 Be7 7. c4 g5 8. Nxg5 Rg8 9. f4 h6 10. Bf3 Nc6 11. Ne4 Nxe4 12. Bxe4 f5 13. Qh5+ Kd7 14. Bf3 Qf8 15. Na3 a6 16. Nc2 Bf6 17. d4 Re8 18. Rad1 Qg7 19. Rd2 Kc8 20. Rfd1 Kb8 21. Ba3 Rd8 22. d5 exd5 23. Bxd5 Rge8 24. Qf3 Na5 25. Bxb7 Nxb7 26. Nb4 Rd7 27. Nxa6+ 1-0